• 首页
  • 本馆介绍
  • 公告通知
  • 最新文献
  • 馆藏检索
  • 电子资源
  • 读者导购
  • 参考咨询
  • 我的图书馆
  • 登录
  • 详细信息显示
  • 放入我的书架
  • 预约/预借图书
  • 作者相关作品
  • 分类相关作品
  • 丛书相关作品
  • 出版社相关作品

书目信息

  • 表格格式
  • 工作单格式
  • 卡片格式
题名:
语音情感识别中的若干技术研究
    
 
作者: 胡国华 著
分册:  
出版信息: 北京   中国商业出版社  2020.12
页数: 125页
开本: 24cm
丛书名:
单 册:
中图分类: B842.6 , TN912.34
科图分类:
主题词: 情感--语音识别--研究
电子资源:
ISBN: 978-7-5208-1453-9
000 01087nam0 2200253 45
001 012001001208
005 20140820153603.0
010    @a978-7-5208-1453-9@dCNY45.00
100    @a20210615d2020 em y0chiy0110 ea
101 0  @achi
102    @aCN@b110000
105    @ay z 000yy
106    @ar
200 1  @a语音情感识别中的若干技术研究@Ayu yin qing gan shi bie zhong de ruo gan ji shu yan jiu@f胡国华著
210    @a北京@c中国商业出版社@d2020.12
215    @a125页@d24cm
300    @a山西省艺术科学规划课题基金项目 忻州师范学院教学改革创新基金项目 忻州市科技计划项目的资助
330    @a本书以语音情感为研究对象,以提高语音情感识别率为研究目标,针对在移动应用中语音的噪声干扰问题、语音情感特征的相互干扰和冗余性问题、跨语种语音情感特征与情感识别网络的局限性问题,分别提出将语音降噪与特征降维相结合、情感特征降维优化、跨语种多模型融合框架等方法来提高计算机对语音情感的识别性能。
606 0  @a情感@x语音识别@x研究
690    @aB842.6@v5
690    @aTN912.34@v5
701  0 @a胡国华@Ahu guo hua@f(1975.11-)@4著
801    @aCN@bAHXH@c20210922
905    @b1251275-9@dB842.6@e3910@f5
    
    语音情感识别中的若干技术研究/胡国华著.-北京:中国商业出版社,2020.12
    125页;24cm
    山西省艺术科学规划课题基金项目 忻州师范学院教学改革创新基金项目 忻州市科技计划项目的资助
    
    ISBN 978-7-5208-1453-9:CNY45.00
    本书以语音情感为研究对象,以提高语音情感识别率为研究目标,针对在移动应用中语音的噪声干扰问题、语音情感特征的相互干扰和冗余性问题、跨语种语音情感特征与情感识别网络的局限性问题,分别提出将语音降噪与特征降维相结合、情感特征降维优化、跨语种多模型融合框架等方法来提高计算机对语音情感的识别性能。
●
相关链接 在E读中查询图书 在五车中查询图书 在当当中查询图书 在豆瓣中查询图书


正题名:语音情感识别中的若干技术研究     索取号:B842.6/3910         预约/预借

序号 登录号 条形码 馆藏地/架位号 状态 备注
1 1251275   212512752   第一样本阅览室/ [索取号:B842.6/3910] 在馆    
2 1251276   212512761   教育系资料室/ [索取号:B842.6/3910] 在馆    
3 1251277   212512770   教育系资料室/ [索取号:B842.6/3910] 在馆    
4 1251278   212512789   第一借阅区/ [索取号:B842.6/3910] 在馆    
5 1251279   212512798   第一借阅区/ [索取号:B842.6/3910] 在馆    
唐山师范学院图书馆 欢迎您!
大连网信软件有限公司© 版权所有